[Event "Challenge"]
[Site "http://www.queenalice.com/game.php?id=783682"]
[Date "2010.6.1"]
[Round "-"]
[White "DONANEZ"]
[Black "TomasLobos"]
[Result "0-1"]
[WhiteElo "1463"]
[BlackElo "1700"]

1. e4 e5 2. Nf3 Nc6 3. Bb5 Nf6 4. Nc3 Bc5 5. O-O d6 6. h3 a6 7. Bc4 O-O 8. d3
Nd4 9. Nxd4 Bxd4 10. Nd5 b5 11. Bb3 c6 12. Nxf6+ Qxf6 13. c3 Bb6 14. Be3 Bd8 15.
Qd2 Bb7 16. Rad1 Be7 17. Bg5 Qxg5 18. Qe2 d5 19. exd5 cxd5 20. Rfe1 d4 21. f3
Bc5 22. Qd2 dxc3+ 23. Qf2 Bxf2+ 24. Kxf2 e4 25. dxe4 Rad8 26. bxc3 Rd2+ 27. Rxd2
Qxd2+ 28. Re2 Qxc3 29. Rc2 Qd4+ 30. Kg3 Qd7 31. Re2 Re8 32. Kh2 Qd6+ 33. g3 a5
34. a4 Qb4 35. Bc2 Qc3 36. axb5 Qxf3 37. Rd2 Qa3 38. Re2 a4 39. Bb1 Qa1 40. Bc2
a3 41. h4 a2 42. Bd3 Qd1 43. Rf2 a1=Q 44. Bf1 Rxe4 45. Kg1 Re1 0-1

[Event "PERUCONA VII"]
[Site "http://www.queenalice.com/game.php?id=788226"]
[Date "2010.6.10"]
[Round "-"]
[White "perucona"]
[Black "TomasLobos"]
[Result "0-1"]
[WhiteElo "1553"]
[BlackElo "1730"]

1. e4 e5 2. d4 exd4 3. Qxd4 Qf6 4. Qxf6 Nxf6 5. e5 Nd5 6. c4 Nb6 7. c5 Bxc5 8.
Be3 Bxe3 9. fxe3 Nd5 10. e4 Ne3 11. Kd2 Nc4+ 12. Ke2 Nxb2 13. Nf3 d6 14. Nc3 Bd7
15. Rb1 Nc4 16. Rc1 b5 17. Nd5 Kd8 18. Ng5 Be8 19. Kf3 dxe5 20. Bxc4 bxc4 21.
Rxc4 c6 22. Nc3 f6 23. Nh3 Bh5+ 24. Kg3 Kc7 25. Rc1 Rd8 26. Na4 Rd4 27. Rxd4
exd4 28. Rc4 Bf7 29. Rxd4 Bxa2 30. Nc5 Kb6 31. Na4+ Kc7 32. Nf4 Nd7 33. Kg4 Re8
34. Kg3 c5 35. Rd2 Bb3 36. Nc3 Bc4 37. Kf3 Rd8 38. Nb5+ Bxb5 39. Nd5+ Kc8 40.
Rc2 Ne5+ 41. Kf4 Nc4 42. Ne7+ Kd7 43. Nd5 g5+ 44. Kf5 Rf8 45. Nxf6+ Ke7 46. e5
Ne3+ 47. Ke4 Nxc2 48. Nxh7 Rf4+ 49. Kd5 Rc4 50. Nxg5 Ne3# 0-1

[Event "TANGO VIII"]
[Site "http://www.queenalice.com/game.php?id=788766"]
[Date "2010.6.12"]
[Round "-"]
[White "rogeriooliveira"]
[Black "TomasLobos"]
[Result "0-1"]
[WhiteElo "1497"]
[BlackElo "1655"]

1. e4 e5 2. d4 exd4 3. Qxd4 Qf6 4. Qxf6 Nxf6 5. e5 Ng4 6. Bf4 Nc6 7. Be2 Nh6 8.
Bf3 Nd4 9. Kd2 Nxf3+ 10. gxf3 Bb4+ 11. c3 Bc5 12. Be3 Bxe3+ 13. fxe3 O-O 14. Na3
d6 15. exd6 Rd8 16. Nh3 Bxh3 17. Nc4 b5 18. Na5 Rxd6+ 19. Kc2 Bg2 20. Rhg1 Bxf3
21. Rg3 Be4+ 22. Kb3 Ra6 23. Kb4 Rb8 24. Rag1 g6 25. Nb3 Ra4+ 26. Kc5 Rc4# 0-1

[Event "Challenge"]
[Site "http://www.queenalice.com/game.php?id=788853"]
[Date "2010.6.12"]
[Round "-"]
[White "rodriw02"]
[Black "TomasLobos"]
[Result "0-1"]
[WhiteElo "1503"]
[BlackElo "1727"]

1. e4 Nc6 2. Bc4 e5 3. Qf3 Nf6 4. Nh3 Bd6 5. d3 Nd4 6. Qe3 Nxc2+ 7. Ke2 Nxe3 8.
fxe3 Ng4 9. Rf1 f6 10. Nc3 a6 11. a4 Nxh2 12. Rf5 g6 13. Rf2 Bb4 14. Nd5 Bc5 15.
b4 Bf8 16. Rxf6 c6 17. Nc3 Qxf6 18. Bb2 d6 19. Rf1 Qxf1+ 20. Kd2 Bg4 21. d4
Qxg2+ 22. Kc1 Qxh3 23. Nd1 Qf3 24. Bb3 h5 25. dxe5 Bg7 26. exd6 Bxb2+ 27. Nxb2
Qxe3+ 28. Kc2 O-O-O 29. Nd3 Rxd6 30. Nc1 Be6 31. Bxe6+ Rxe6 32. Nd3 Rd8 33. Kc3
Qxd3+ 34. Kb2 Rxe4 35. b5 Re2+ 36. Kc1 Qd2+ 37. Kb1 Qd1# 0-1

[Event "Challenge"]
[Site "http://www.queenalice.com/game.php?id=789811"]
[Date "2010.6.14"]
[Round "-"]
[White "twmoore"]
[Black "TomasLobos"]
[Result "0-1"]
[WhiteElo "1553"]
[BlackElo "1500"]

1. e4 e5 2. Nf3 Nc6 3. Bc4 Nf6 4. Nc3 Bc5 5. O-O Qe7 6. Ng5 Ng4 7. Qxg4 d6 8. d3
Bxg4 9. Nd5 Qd7 10. h3 Be6 11. Nxe6 fxe6 12. Ne3 Rf8 13. a3 O-O-O 14. c3 Rf4 15.
Ng4 Rxg4 16. hxg4 Rf8 17. Be3 Qe7 18. Rad1 Qh4 19. Bxe6+ Kd8 20. d4 Rf6 21. d5
Bxe3 22. fxe3 Ke8 23. Rf3 Rxf3 24. gxf3 Qg3+ 25. Kf1 Qxf3+ 26. Ke1 Ne7 27. Rd2
Qxe3+ 28. Re2 Qf4 29. b4 Qc1+ 0-1

[Event "Challenge"]
[Site "http://www.queenalice.com/game.php?id=792647"]
[Date "2010.6.20"]
[Round "-"]
[White "Misteranderson"]
[Black "TomasLobos"]
[Result "1/2-1/2"]
[WhiteElo "1473"]
[BlackElo "1678"]

1. Nc3 e5 2. Nf3 Nc6 3. d4 d6 4. d5 Nd4 5. Nxd4 exd4 6. Qxd4 f5 7. Qe3+ Ne7 8.
g3 g6 9. Qd4 c6 10. Qxh8 cxd5 11. Qxh7 d4 12. Nb5 Qa5+ 13. c3 Qxb5 14. e3 d3 15.
Kd2 Qd5 16. Bxd3 Qxh1 17. Bb5+ Bd7 18. Bxd7+ Kxd7 19. b4 Qc6 20. Bb2 Qd5+ 21.
Kc2 Qg2 22. Bc1 Qf1 23. f4 Qe2+ 24. Kb3 Ke8 25. a4 Rc8 26. Bb2 Rc4 27. Rc1 Re4
28. Qh3 Rxe3 29. Qf1 Qxh2 30. Qb5+ Kf7 31. Qc4+ Re6 32. Qd3 Qe2 33. Qxe2 Rxe2
34. Rh1 Kg8 35. c4 Re3+ 36. Ka2 Bg7 37. Rg1 Re2 38. Rb1 Nc6 39. b5 Nb4+ 40. Ka3
a5 41. Bxg7 Kxg7 42. Rg1 Re4 43. Rc1 Re3+ 44. Kb2 Rxg3 45. c5 Rg2+ 46. Kb1 Rd2
47. cxd6 Rxd6 48. Rc7+ Kh6 49. Rxb7 g5 50. fxg5+ Kxg5 51. Rg7+ Kf6 52. Rg1 f4
53. Rf1 Kf5 54. Kc1 Nd3+ 55. Kc2 Ke4 56. Kd2 Nc5+ 57. Ke2 Nxa4 58. Ra1 Rb6 59.
Rxa4+ Kd5 60. Rxa5 Kc5 61. Kf3 Rxb5 62. Rxb5+ Kxb5 63. Kxf4 Kc5 1/2-1/2

[Event "Dama liberal."]
[Site "http://www.queenalice.com/game.php?id=792680"]
[Date "2010.6.20"]
[Round "-"]
[White "TomasLobos"]
[Black "nereu"]
[Result "0-1"]
[WhiteElo "1785"]
[BlackElo "1448"]

1. d4 Nf6 2. c4 e6 3. Nf3 Bb4+ 4. Bd2 Bxd2+ 5. Nfxd2 d5 6. Qa4+ Bd7 7. Qb4 b6 8.
Nf3 Nc6 9. Qc3 O-O 10. Qd3 Qe7 11. a3 Na5 12. b3 Nb7 13. e3 Nd6 14. Be2 a5 15.
O-O Nfe4 16. c5 bxc5 17. dxc5 Nxc5 18. Qc2 Nce4 19. Qxc7 Rfc8 20. Qb6 Rc5 21.
Rd1 Nc8 22. Qb7 Ra7 23. Qb8 Nd6 24. Ne5 Rb7 25. Qa8 Qd8 26. Rd4 Qb6 27. b4 Rc1+
28. Bf1 Ra7 29. bxa5 Qb2 30. Rb4 Qxa1 31. Qb8 Rb7 32. Rxb7 Nxb7 33. Nxd7 Qxb1
34. g3 Rxf1+ 35. Kg2 Rg1+ 36. Kf3 Qf5+ 37. Ke2 Qg4+ 38. Kd3 Rd1+ 39. Kc3 Qc4+
40. Kb2 Rc1 41. a4 Qc3+ 42. Ka2 Ra1# 0-1

[Event "Challenge"]
[Site "http://www.queenalice.com/game.php?id=797043"]
[Date "2010.6.30"]
[Round "-"]
[White "rodriw02"]
[Black "TomasLobos"]
[Result "0-1"]
[WhiteElo "1509"]
[BlackElo "1679"]

1. e4 Nc6 2. Nf3 e5 3. Bc4 d6 4. d3 Nf6 5. O-O Be6 6. Bb5 Qd7 7. Nc3 d5 8. Nxe5
Qd6 9. d4 O-O-O 10. a4 dxe4 11. Bxc6 bxc6 12. Qe2 Kb7 13. a5 a6 14. Be3 Qb4 15.
Rfb1 Nd5 16. Nxf7 Bxf7 17. Ra4 Qd6 18. Nxe4 Qe6 19. Ng5 Qg6 20. Qf3 Be8 21. Rc1
h6 22. Ne4 Be7 23. Bd2 h5 24. Qb3+ Kc8 25. Qc4 Qxe4 26. Re1 Qh4 27. Qxa6+ Kd7
28. Rc4 Qf6 29. Rxc6 Qxd4 30. Bc3 Nxc3 31. bxc3 Qd2 32. Rf1 Bg6 33. Rxg6 Bf6 34.
Qb5+ Ke7 35. Qc6 Kf7 36. Rg3 Qd6 37. Qf3 Qe6 38. h4 Qd5 39. Qf4 Qxa5 40. Qc4+
Rd5 41. Re1 Qc5 42. Qe4 Re5 43. Qg6+ Kg8 44. Ra1 Qf8 45. c4 Re2 46. Qd3 Bxa1 47.
Qxe2 Bf6 48. Re3 Kh7 49. Qxh5+ Kg8 50. Qg4 Rxh4 51. Qd7 Rd4 52. Qxc7 Qd8 53. Qc5
Rd1+ 54. Kh2 Bd4 55. Qb5 Bxe3 56. fxe3 Qh4# 0-1

[Event "Challenge"]
[Site "http://www.queenalice.com/game.php?id=800228"]
[Date "2010.7.8"]
[Round "-"]
[White "twmoore"]
[Black "TomasLobos"]
[Result "0-1"]
[WhiteElo "1668"]
[BlackElo "1622"]

1. c4 Nf6 2. d4 d5 3. e3 Nc6 4. Nf3 Bf5 5. Bd3 Be4 6. Bxe4 Nxe4 7. Nfd2 Nf6 8.
a3 Qd7 9. h3 O-O-O 10. O-O e5 11. Nb3 dxc4 12. Nc5 Qd6 13. Nd2 exd4 14. Nde4
Nxe4 15. Nxe4 Qe5 16. Qg4+ Kb8 17. Ng3 h5 18. Qf5 Qe7 19. Re1 g6 20. Qc2 Qe6 21.
Bd2 h4 22. exd4 Qd5 23. Ne2 g5 24. Rad1 g4 25. Nf4 Qd6 26. Qf5 gxh3 27. Qxh3 Qf6
28. d5 Bd6 29. Bc3 Be5 30. Bxe5 Nxe5 31. Qc3 Qxf4 32. Rxe5 Qg4 33. Rd4 Qg6 34.
Qh3 Qg7 35. Rxh4 b6 36. Re7 Rxh4 37. Qxh4 Rc8 38. Qf4 Qxb2 39. d6 Qb1+ 40. Kh2
Rh8+ 41. Kg3 Qd3+ 42. f3 Qxd6 43. Qxd6 cxd6 44. Rxf7 Rd8 45. Re7 d5 46. f4 c3
47. Re1 d4 48. Rc1 d3 0-1

[Event "NOVA ERA II"]
[Site "http://www.queenalice.com/game.php?id=801144"]
[Date "2010.7.10"]
[Round "-"]
[White "perucona"]
[Black "TomasLobos"]
[Result "0-1"]
[WhiteElo "1605"]
[BlackElo "1718"]

1. d4 d5 2. e3 Nf6 3. Nc3 Bf5 4. Bb5+ c6 5. Bd3 g6 6. Bxf5 gxf5 7. Nf3 Qa5 8.
O-O Qc7 9. Bd2 e6 10. Re1 Ng4 11. h3 Nf6 12. Re2 Nbd7 13. Ng5 Ne4 14. Ncxe4 fxe4
15. Qe1 h6 16. Ba5 b6 17. Bd2 hxg5 18. a3 Bd6 19. g3 O-O-O 20. Bb4 c5 21. dxc5
bxc5 22. Bd2 Rxh3 23. Kg2 Rdh8 24. Kg1 Rh1+ 25. Kg2 R8h2# 0-1

[Event "KORAMA IV"]
[Site "http://www.queenalice.com/game.php?id=801380"]
[Date "2010.7.10"]
[Round "-"]
[White "perucona"]
[Black "TomasLobos"]
[Result "0-1"]
[WhiteElo "1573"]
[BlackElo "1699"]

1. e4 e5 2. d4 Nc6 3. d5 Nce7 4. Nf3 Nf6 5. Nc3 a6 6. Bg5 d6 7. Bxf6 gxf6 8. Bc4
Qd7 9. O-O c6 10. dxc6 Qxc6 11. Bd3 f5 12. exf5 Nxf5 13. Bxf5 Bxf5 14. Rc1 Bh6
15. Rb1 O-O-O 16. Nh4 Be6 17. b3 Qxc3 18. Re1 Rhg8 19. g3 Bh3 20. Qe2 Qc6 21. f3
Qc5+ 22. Qf2 f6 23. c4 Qxf2+ 24. Kh1 d5 25. c5 Bg5 26. Rg1 Bxh4 27. f4 Qf3+ 28.
Rg2 Qxg2# 0-1

[Event "Challenge"]
[Site "http://www.queenalice.com/game.php?id=817043"]
[Date "2010.8.12"]
[Round "-"]
[White "thiagobrumchess"]
[Black "TomasLobos"]
[Result "0-1"]
[WhiteElo "1693"]
[BlackElo "1714"]

1. e4 e5 2. Nf3 Nc6 3. Bc4 Nf6 4. Nc3 d6 5. Ng5 h6 6. Bxf7+ Ke7 7. Ne6 Bxe6 8.
Bxe6 Kxe6 9. d3 d5 10. f3 d4 11. Ne2 Bd6 12. O-O Qe7 13. Ng3 g6 14. Kh1 Nh5 15.
f4 exf4 16. Ne2 Ng3+ 17. hxg3 fxg3 18. Nxg3 Qh4+ 19. Kg1 Bxg3 20. Rf3 Qh2+ 21.
Kf1 Qh1+ 22. Ke2 Qxg2+ 23. Rf2 Qxf2# 0-1

[Event "Challenge"]
[Site "http://www.queenalice.com/game.php?id=828942"]
[Date "2010.9.6"]
[Round "-"]
[White "TomasLobos"]
[Black "melo41"]
[Result "0-1"]
[WhiteElo "1743"]
[BlackElo "1791"]

1. d4 Nf6 2. Nc3 d5 3. e3 Bg4 4. Nf3 e6 5. Bb5+ c6 6. Bd3 Bb4 7. a3 Bxc3+ 8.
bxc3 Nbd7 9. h3 Bh5 10. c4 O-O 11. cxd5 exd5 12. Rb1 Re8 13. Rxb7 Ne4 14. c4 Nd6
15. Rb4 Qa5 16. Qd2 Bxf3 17. gxf3 dxc4 18. Bb1 c5 19. dxc5 Qxc5 20. Qc3 Qd5 21.
Rg1 Ne5 22. e4 Qc6 23. f4 Ng6 24. h4 Nxe4 25. Qd4 Ng3+ 26. Kd2 Rad8 27. Qxd8
Rxd8+ 28. Kc3 Ne2+ 29. Kc2 Nxg1 30. Bb2 Qe4+ 31. Kc3 Ne2# 0-1

[Event "Challenge"]
[Site "http://www.queenalice.com/game.php?id=836145"]
[Date "2010.9.22"]
[Round "-"]
[White "TomasLobos"]
[Black "melo41"]
[Result "1-0"]
[WhiteElo "1714"]
[BlackElo "1618"]

1. d4 f5 2. Nf3 Nf6 3. e3 g6 4. Bd3 d6 5. O-O Bg7 6. Nc3 O-O 7. e4 fxe4 8. Nxe4
Bg4 9. Bc4+ d5 10. Nxf6+ exf6 11. Bd3 c6 12. c4 Nd7 13. Qb3 Nb6 14. h3 Bxf3 15.
gxf3 a5 16. Be3 a4 17. Qb4 Qd7 18. Kg2 Kh8 19. Qxb6 Qe7 20. Rh1 f5 21. Rag1 Qh4
22. Qxb7 Rab8 23. Qxc6 dxc4 24. Bxc4 1-0

[Event "Challenge"]
[Site "http://www.queenalice.com/game.php?id=842905"]
[Date "2010.10.7"]
[Round "-"]
[White "ymfrancois"]
[Black "TomasLobos"]
[Result "1-0"]
[WhiteElo "1786"]
[BlackElo "1737"]

1. d4 d5 2. c4 c6 3. c5 Bf5 4. Nc3 Qa5 5. Bd2 Qc7 6. Nf3 Nd7 7. g3 e5 8. e3 Bg6
9. Nh4 Ngf6 10. Nxg6 hxg6 11. Bg2 O-O-O 12. Qa4 a6 13. Ne2 Nb8 14. Ba5 Qe7 15.
Bxd8 Qxd8 16. h4 b5 17. Qb3 g5 18. O-O-O Ne4 19. Bxe4 dxe4 20. Rhf1 gxh4 21.
gxh4 Qf6 22. Ng3 exd4 23. Nxe4 Qe7 24. Nd6+ Kd8 25. Rxd4 Rxh4 26. Nf5+ Kc7 27.
Nxe7 Rxd4 28. exd4 Bxe7 29. Qxf7 Kd8 30. Re1 Bg5+ 31. Kb1 Nd7 32. Qe8+ Kc7 33.
Qf7 Bf6 34. d5 cxd5 35. Qxd5 Ne5 36. Qd6+ Kc8 37. Qxa6+ Kc7 38. Qb6+ Kd7 39.
Qxb5+ Ke6 40. c6 Bd8 41. Qxe5+ Kf7 42. Qe8+ 1-0

[Event "Challenge"]
[Site "http://www.queenalice.com/game.php?id=844229"]
[Date "2010.10.11"]
[Round "-"]
[White "bienopia"]
[Black "TomasLobos"]
[Result "1-0"]
[WhiteElo "1850"]
[BlackElo "1715"]

1. d4 d5 2. f4 e6 3. a3 Nc6 4. Nf3 Nf6 5. e3 Bd6 6. Bd3 O-O 7. Nc3 a6 8. Bd2 Ng4
9. Ng5 h6 10. Nh7 Re8 11. Qxg4 e5 12. f5 Kxh7 13. f6+ g6 14. Qh4 e4 15. Be2 Re6
16. Nxd5 Qg8 17. c4 g5 18. Qf2 Qg6 19. O-O-O Ra7 20. c5 Re8 21. cxd6 cxd6 22. h4
h5 23. hxg5 Rh8 24. Bxh5 Kg8 25. Bxg6 Rxh1 26. Rxh1 fxg6 27. f7+ 1-0

[Event "Challenge"]
[Site "http://www.queenalice.com/game.php?id=873146"]
[Date "2010.12.17"]
[Round "-"]
[White "TomasLobos"]
[Black "ymfrancois"]
[Result "0-1"]
[WhiteElo "1742"]
[BlackElo "1787"]

1. e4 Nf6 2. d3 e5 3. Nf3 Nc6 4. Nc3 h6 5. Be3 Bb4 6. h3 d6 7. d4 exd4 8. Nxd4
Bd7 9. Qd3 Bxc3+ 10. Qxc3 Nxe4 11. Qa3 a6 12. O-O-O O-O 13. Bd3 Nxd4 14. Bxe4
Nc6 15. Bd2 Qf6 16. Rhf1 Bf5 17. Rfe1 Bxe4 18. Rxe4 Qxf2 19. Qf3 Qxf3 20. gxf3
Ne5 21. f4 Nf3 22. Bc3 f5 23. Re7 Rf7 24. Re2 Rd7 25. Rf2 Nh4 26. Re2 Ng6 27.
Rf1 Re7 28. Rxe7 Nxe7 29. Rg1 g6 30. h4 Kf7 31. b3 a5 32. Kd2 Nd5 33. Rf1 b5 34.
a3 b4 35. axb4 axb4 36. Bd4 c5 37. Be3 Nxe3 38. Kxe3 Kf6 39. Rh1 d5 40. h5 g5
41. Rd1 Re8+ 42. Kf2 d4 43. Re1 Rxe1 44. Kxe1 gxf4 45. Ke2 Kg5 46. Ke1 Kxh5 47.
Ke2 Kg4 0-1

[Event "BART vs TOMAS"]
[Site "http://www.queenalice.com/game.php?id=874030"]
[Date "2010.12.19"]
[Round "-"]
[White "bartataca"]
[Black "TomasLobos"]
[Result "0-1"]
[WhiteElo "1628"]
[BlackElo "1725"]

1. d4 d5 2. Nf3 Be6 3. Ne5 Nf6 4. f3 g6 5. e3 c6 6. Bd3 Qa5+ 7. Qd2 Qb6 8. a3 c5
9. dxc5 Qxc5 10. Nc3 a6 11. Na4 Qd6 12. Qb4 Qxb4+ 13. axb4 Nc6 14. Nb6 Rd8 15.
Nxc6 bxc6 16. Rxa6 Bh6 17. Na4 O-O 18. Rxc6 Ra8 19. Nb6 Ra1 20. O-O d4 21. Kf2
Rxc1 22. Nc4 Bxe3+ 23. Nxe3 dxe3+ 24. Ke2 Rxf1 25. Kxf1 Bd5 26. Rc5 Ra8 0-1

[Event "Challenge"]
[Site "http://www.queenalice.com/game.php?id=882056"]
[Date "2011.1.6"]
[Round "-"]
[White "jjjcarvalho"]
[Black "TomasLobos"]
[Result "1-0"]
[WhiteElo "1584"]
[BlackElo "1738"]

1. e4 e5 2. Nf3 Nc6 3. Bb5 Nf6 4. d3 a6 5. Bxc6 bxc6 6. Bg5 d6 7. Nc3 h6 8. Bxf6
Qxf6 9. h3 g6 10. Qd2 Rb8 11. Rb1 Qe6 12. O-O Be7 13. d4 g5 14. d5 cxd5 15. Nxd5
Bd8 16. Qc3 g4 17. hxg4 Qxg4 18. Rbe1 Rg8 19. g3 Qg6 20. Nxc7+ Kd7 21. Nd5 Qh5
22. Nh2 Rg5 23. Re3 Ke8 24. Qc6+ Bd7 25. Qxd6 Rxb2 26. Rc3 Bb5 27. Nf6+ Bxf6 28.
Rc8+ Bd8 29. Qxd8# 1-0

[Event "Challenge"]
[Site "http://www.queenalice.com/game.php?id=1344340"]
[Date "2015.2.27"]
[Round "-"]
[White "TomasLobos"]
[Black "ymfrancois"]
[Result "1-0"]
[WhiteElo "1734"]
[BlackElo "1934"]

1. e4 e5 2. Nf3 Nf6 3. Nc3 d6 4. d4 exd4 5. Qxd4 Nc6 6. Qd3 Be7 7. Be3 O-O 8.
O-O-O Be6 9. Be2 Nb4 10. Qd2 a5 11. g3 Ng4 12. Rdf1 Nxe3 13. fxe3 Bf6 14. e5
dxe5 15. Rd1 Qe7 16. Rhe1 Nxa2+ 17. Nxa2 Bxa2 18. Qd7 Qc5 19. Rd3 Rad8 20. Qf5
Rxd3 21. Bxd3 g6 22. Qxf6 Re8 23. Nd2 a4 24. Ne4 Qa5 25. Rd1 Qb6 26. Qxb6 cxb6
27. Nf6+ Kf8 28. Nxe8 Kxe8 29. Bb5+ Kf8 30. Bxa4 Be6 31. h4 Bg4 32. Rd6 1-0

[Event "Challenge"]
[Site "http://www.queenalice.com/game.php?id=1350627"]
[Date "2015.3.29"]
[Round "-"]
[White "Bategoll"]
[Black "TomasLobos"]
[Result "0-1"]
[WhiteElo "1792"]
[BlackElo "1714"]

1. d4 d5 2. Nf3 Nf6 3. Nc3 e6 4. e3 Bb4 5. Bd2 Bxc3 6. Bxc3 Nc6 7. Bb5 Ne4 8.
Bd2 O-O 9. c3 Qe7 10. O-O Bd7 11. Bd3 Rae8 12. Bc1 e5 13. Qc2 Qd6 14. dxe5 Qg6
15. Bxe4 dxe4 16. Nh4 Qh5 17. g3 Bh3 18. Re1 g5 19. Qxe4 Rxe5 20. Qh1 gxh4 21.
f4 Qg4 22. fxe5 hxg3 23. e4 g2 0-1

[Event "Let's Play Chess!"]
[Site "http://www.queenalice.com/game.php?id=1594604"]
[Date "2019.12.29"]
[Round "-"]
[White "paolop69"]
[Black "TomasLobos"]
[Result "0-1"]
[WhiteElo "1734"]
[BlackElo "1758"]

1. e4 e5 2. Bc4 Nc6 3. Qf3 Nf6 4. c3 Na5 5. Bb3 Nxb3 6. axb3 d5 7. d3 dxe4 8.
dxe4 Bg4 9. Qxg4 Nxg4 10. h3 Nxf2 11. Kxf2 Qh4+ 12. g3 Qxe4 13. Nf3 Bc5+ 14. Kg2
Qe2# 0-1